Language Quiz

Random Language or Letter Quiz

'L' Is All We Need Quiz Stats

 Plays Quiz Updated Jan 15, 2014

Challenge
Share
Tweet
Embed
Score 0/28 Timer 07:00
4 Plays Today
Clue (Length) Answer % Correct
Often precedes 'and behold!' (2)Lo
95.2%
Fib (3)Lie
95.1%
Actor Bruce ___ of 'Enter the Dragon' (3)Lee
94.6%
Word with Olive, Baby or Crude (3)Oil
91.6%
Bundy, Kaline or Roker (2)Al
89%
Beset by sickness (3)Ill
88.9%
British toilet (3)Loo
88.5%
Hawaiian garland (3)Lei
86.8%
Boxer who was once Clay (3)Ali
85.5%
Jazz singer Fitzgerald (4)Ella
85.1%
Pub draught (3)Ale
83.2%
Fashion mag or model MacPherson (4)Elle
81.8%
Han Solo's love (4)Leia
78.9%
2010 Denzel Movie 'The Book of ___' (3)Eli
72%
Clue (Length) Answer % Correct
Ex Mr. Julia Roberts, ____ Lovett (4)Lyle
71.4%
Bud Abbott and ___ Costello (3)Lou
69.6%
Easter plant (4)Lily
67.5%
Waikiki cookout (4)Luau
67.4%
Compatriot in battle (4)Ally
63.7%
Covered in grease (4)Oily
63%
Cancer follower (3)Leo
60.7%
Pharmaceutical plant (4)Aloe
55.9%
Kinks hit about a transvestite (4)Lola
55.4%
Short period of inactivity (4)Lull
52.7%
FX show starring Louis C.K. (5)Louie
41%
Garlic mayonnaise (5)Aioli
40.7%
Unagi (3)Eel
38.6%
British iced treat (popsicle) (5)Lolly
38.3%

You're not logged in!

Compare scores with friends on all Sporcle quizzes.
Join for Free
OR
Log In

You Might Also Like...

Show Comments

Extras

Top Quizzes Today


Score Distribution

Your Account Isn't Verified!

In order to create a playlist on Sporcle, you need to verify the email address you used during registration. Go to your Sporcle Settings to finish the process.

Report this User

Report this user for behavior that violates our Community Guidelines.

Details: